Normal view MARC view

Entry Topical Term

Number of records used in: 1

001 - CONTROL NUMBER

  • control field: 261575

003 - CONTROL NUMBER IDENTIFIER

  • control field: OSt

005 - DATE AND TIME OF LATEST TRANSACTION

  • control field: 20260415090442.0

008 - FIXED-LENGTH DATA ELEMENTS

  • fixed length control field: 260415|| aca||aabn | a|a d

040 ## - CATALOGING SOURCE

  • Original cataloging agency: OSt
  • Transcribing agency: OSt

150 ## - HEADING--TOPICAL TERM

  • Topical term or geographic name entry element: Parisara malinya Environment pollution

670 ## - SOURCE DATA FOUND

  • Source citation: Work cat.: (OSt)85278: ANGADI (R C). ಅಂಗಡಿ (ಅರ್ ಸಿ) 261574, Parisara malinya., 1977